| 000 | 01025nam a2200253 a 4500 | ||
|---|---|---|---|
| 001 | BRL_1931 | ||
| 005 | 20190320211435.0 | ||
| 008 | 190815s1941----mx-ag#####---#000-0#spa-# | ||
| 041 | _aspa | ||
| 044 | _amx | ||
| 050 | 4 |
_aGV1627 _b.F47 1941 |
|
| 100 | 1 |
_aFernández, Justino _d1904-1972 _96551 |
|
| 245 | 1 | 0 |
_aDanza de los Concheros en San Miguel de Allende _cEstudio histórico, costumbrista y coreográfico de Justino Fernández ; recolección y estudio de textos musicales de Vicente T. Mendoza ; Con ocho estampas de Antonio Rodríguez Luna |
| 260 |
_aMéxico _bEl Colegio de México : Fondo de Cultura Económica _c1941 |
||
| 300 |
_a49 p. _bil., estampas _c40 cm. |
||
| 440 | 0 |
_aDanzas populares mexicanas _928261 |
|
| 500 | _aAu2179 | ||
| 504 | _aBibliografía: p. 42 | ||
| 650 | 1 | 4 |
_aDanzas populares y nacionales _zSan Miguel Allende (México) _928262 |
| 700 | 1 |
_aMendoza, Vicente T. _d1894-1964 _q(Vicente Teódulo) _928263 |
|
| 700 | 1 |
_aRodríguez Luna, Antonio _eil. _928264 |
|
| 902 | _aGRL | ||
| 942 |
_2lcc _cB |
||
| 999 |
_c10739 _d10739 |
||